Transferências mais caras do Brasileirão Série A - Statistics

Estatísticas Gerais
  • Esse quiz foi jogado 486 vezes
  • A pontuação média é 21 de 50
Estatísticas das Respostas
ANO CLUBE ORIGEM VALOR CLUBE DESTINO JOGADOR NAC % Correto
13/14 Santos 88,00 mi. € Barcelona Neymar Jr
99%
18/19 Flamengo 45,00 mi. € Real Madrid Vinicius Junior
97%
16/17 Palmeiras 32,00 mi. € Manchester City Gabriel Jesus
83%
12/13 São Paulo 40,00 mi. € PSG Lucas Moura
83%
18/19 Flamengo 38,40 mi. € Milan Lucas Paquetá
81%
18/19 Grêmio 31,00 mi. € Barcelona Arthur
75%
16/17 Santos 29,50 mi. € Internazionale Gabriel Barbosa
68%
12/13 Internacional 32,00 mi. € Chelsea Oscar
67%
21/22 Flamengo 20,00 mi. € Olympique Marselha Gerson
65%
19/20 Flamengo 30,00 mi. € Real Madrid Reinier
65%
07/08 Internacional 24,00 mi. € Milan Alexandre Pato
59%
13/14 Atlético-MG 25,00 mi. € Shakhtar Donetsk Bernard
56%
20/21 Grêmio 20,00 mi. € Benfica Éverton
55%
18/19 Vasco da Gama 18,50 mi. € Bayer Leverkusen Paulinho
55%
21/22 Internacional 25,00 mi. € Zenit Yuri Alberto
55%
05/06 Santos 24,00 mi. € Real Madrid Robinho
54%
19/20 Athletico-PR 20,00 mi. € Olympique Lyon Bruno Guimarães
53%
19/20 Athletico-PR 20,60 mi. € Atlético Madrid Renan Lodi
53%
19/20 Internazionale 17,45 mi. € Flamengo Gabriel Barbosa
52%
13/14 Corinthians 19,75 mi. € Tottenham Paulinho
50%
04/05 Boca Juniors 15,00 mi. € Corinthians Carlos Tévez
48%
18/19 Cruzeiro 14,80 mi. € Flamengo Giorgian de Arrascaeta
48%
16/17 São Paulo 17,40 mi. € Ajax David Neres
47%
20/21 Fiorentina 14,00 mi. € Flamengo Pedro
45%
16/17 Fluminense 18,60 mi. € Roma Gerson
37%
06/07 Corinthians 14,60 mi. € West Ham Carlos Tévez
36%
14/15 Cruzeiro 15,00 mi. € GZ Evergrande Taobao Ricardo Goulart
35%
12/13 Milan 15,00 mi. € Corinthians Alexandre Pato
33%
06/07 Corinthians 14,60 mi. € West Ham Javier Mascherano
33%
14/15 Cruzeiro 15,00 mi. € Al-Ahli Éverton Ribeiro
32%
16/17 Atlético Nacional 12,00 mi. € Palmeiras Miguel Borja
32%
19/20 Roma 13,00 mi. € Flamengo Gerson
29%
15/16 Internacional 13,00 mi. € Bayer Leverkusen Charles Aránguiz
28%
13/14 Internacional 13,00 mi. € Santos Leandro Damião
27%
14/15 Cruzeiro 13,00 mi. € Real Madrid Lucas Silva
27%
17/18 Palmeiras 12,40 mi. € Barcelona Yerry Mina
27%
01/02 Flamengo 13,19 mi. € Internazionale Adriano
25%
17/18 Fluminense 12,40 mi. € Watford Richarlison
25%
09/10 Internacional 16,50 mi. € Villarreal Nilmar
24%
17/18 Santos 14,00 mi. € LOSC Lille Thiago Maia
24%
05/06 Cruzeiro 15,60 mi. € Olympique Lyon Fred
22%
18/19 CSKA Moscou 12,00 mi. € Flamengo Vitinho
21%
10/11 São Paulo 13,50 mi. € Lazio Hernanes
19%
17/18 Vasco da Gama 12,00 mi. € Manchester City Douglas Luiz
16%
11/12 Santos 13,00 mi. € Porto Danilo
15%
18/19 Grêmio 15,00 mi. € Shakhtar Donetsk Tetê
15%
13/14 Internacional 15,00 mi. € Shakhtar Donetsk Fred
14%
18/19 Atlético-MG 12,00 mi. € Barcelona Emerson Royal
9%
01/02 Cruzeiro 20,00 mi. € Barcelona Geovanni
9%
17/18 Grêmio 12,00 mi. € Spartak Moscou Pedro Rocha
7%
Nenhum quiz correspondente encontrado
Distribuição das Pontuações
Porcentagem de Pessoas com Cada Pontuação
Percentil de Números Respondidos
Sua Pontuação Histórica
Você não jogou esse quiz